000 00903nam a22002657a 4500
003 0
005 20160609170527.0
008 110223t xxu||||| |||| 00| 0 eng d
037 _aM16773
_bBIBLIO
040 _aBUAC
_bFr.
_cEPAC
082 _a26.APE/DAN
100 _aGilles, K. M. DANDOGA
_914944
245 _aContribution à l'élaboration d'une base de données pour l'analyse et la gestion environnementale des exploitations minières
_b: Cas des départements du Zou et des Collines
250 _aEPAC ( APE)
260 _aBUAC
_bEPAC
_c2007
300 _a66 p
_bCouv. et ill. en coul.
_c30cm
500 _aMém. (M. ) Chim. ; EPAC / UAC. : 2007
504 _aRéf. bibliogr.p 63- p 66 ; annexes
630 _aMINERAIE
_914945
650 _aMINES
_914946
650 _a:MATIERES PREMIERES
_914947
700 _aZEVOUNOU, Crepin
_914948
710 _aTOSSA, Cyriaque
_914949
942 _cTHE
999 _c49123
_d49123